Songs by Letter - V - Statistics

General Stats
  • This quiz has been taken 78 times
  • The average score is 7 of 18
Answer Stats
Song Artist % Correct
Vogue Madonna
90%
Viva La Vida Coldplay
83%
Valerie Mark Ronson feat. Amy Winehouse
70%
Viva Las Vegas Elvis Presley
69%
Venus Shocking Blue
55%
Video Killed The Radio Star The Buggles
55%
Voodoo Child (Slight Return) Jimi Hendrix Experience
48%
Vertigo U2
46%
Video Games Lana Del Rey
41%
Vision Of Love Mariah Carey
41%
Vienna Ultravox
38%
Virtual Insanity Jamiroquai
30%
Vincent Don McLean
28%
Voyage, Voyage Desireless
10%
Victorious Panic! At The Disco
10%
Vamos A La Playa Righeira
8%
Vaya Con Dios (May God Be With You) Les Paul & Mary Ford
4%
Valleri The Monkees
4%
No matching quizzes found
Score Distribution
Percent of People with Each Score
Percentile by Number Answered
Your Score History
You have not taken this quiz